Statistics for Nba teams

Click here to take the quiz!

General Stats

  • This quiz has been taken 5 times
  • The average score is 17 of 30

Answer Stats

Answer% Correct
nuggets
100%
76ers
75%
cavaliers
75%
heat
75%
lakers
75%
nets
75%
pacers
75%
rockets
75%
suns
75%
bucks
50%
celtics
50%
clippers
50%
grizzlies
50%
hawks
50%
hornets
50%
jazz
50%
knicks
50%
magic
50%
pelicans
50%
pistons
50%
spurs
50%
thunder
50%
timberwolves
50%
trailblazers
50%
warriors
50%
wizards
50%
bulls
25%
kings
25%
mavricks
25%
raptors
25%

Score Distribution

Percentile by Number Answered

Percent of People with Each Score

Your Score History

You have not taken this quiz